Los grandes problemas sociales (Record no. 62994)

MARC details
000 -LEADER
campo de control de longitud fija 00683nam a2200181 i 4500
001 - NÚMERO DE CONTROL
campo de control 62994
003 - IDENTIFICADOR DE NÚMERO DE CONTROL
campo de control ES-MaACL
005 - FECHA Y HORA DE LA ÚLTIMA TRANSACCIÓN
campo de control 20230906164749.0
007 - CAMPO FIJO DE DESCRIPCIÓN FÍSICA--INFORMACIÓN GENERAL
campo de control de longitud fija t|
008 - DATOS DE LONGITUD FIJA--INFORMACIÓN GENERAL
campo de control de longitud fija 031127s1922 ag |||| | spa d
100 1# - ENTRADA PRINCIPAL--NOMBRE DE PERSONA
Nombre de persona Fernández Valledor, Federico.
9 (RLIN) 50140
245 14 - MENCIÓN DEL TÍTULO
Título Los grandes problemas sociales
Resto del título : el abaratamiento de la vivienda higiénica en la República Argentina : solución práctica /
Mención de responsabilidad, etc. Federico Fernández Valledor ; prólogo de Alberto García Hamilton.
260 ## - PUBLICACIÓN, DISTRIBUCIÓN, ETC.
Lugar de publicación, distribución, etc. Tucumán :
Nombre del editor, distribuidor, etc. La Gaceta,
Fecha de publicación, distribución, etc. 1922.
300 ## - DESCRIPCIÓN FÍSICA
Extensión 53 p. ;
Dimensiones 23 cm.
650 #4 - PUNTO DE ACCESO ADICIONAL DE MATERIA--TÉRMINO DE MATERIA
Término de materia o nombre geográfico como elemento de entrada Problemas sociales-
Subdivisión geográfica Argentina.
9 (RLIN) 170569
700 1# - ENTRADA AGREGADA--NOMBRE PERSONAL
Nombre de persona García Hamilton, Alberto.
9 (RLIN) 54755
852 ## - LOCALIZACIÓN
Ubicación ES-MaACL
Número de control de estantería 1811-F-2
Holdings
Estatus retirado Estado de pérdida Estado de daño No para préstamo Colección Biblioteca de origen Biblioteca actual Ubicación en estantería Fecha de adquisición Fuente de adquisición Total de préstamos Signatura topográfica completa Código de barras Visto por última vez Precio de reemplazo Tipo de ítem Koha
        Colección de folletos Biblioteca del Ateneo de Madrid Biblioteca del Ateneo de Madrid Depósito folletos 17/01/2008     1811-F-2 1066039 23/02/2023 23/02/2023 Folleto